[Event "Flint (MI Jr/4/4)"]
[Site "?"]
[Date "1996.??.??"]
[Round "?"]
[White "Gentry, Bronson"]
[Black "Baker, T."]
[Result "1-0"]
[WhiteElo "1605"]
[BlackElo "1605"]
[PlyCount "108"]
[EventDate "1996.??.??"]

{4/(4)} 1. e4 e6 2. d4 d5 3. e5 c5 4. c3 Nc6 5. Nf3 Bd7 6. Bd3 Qb6 7. dxc5 Bxc5
8. O-O Nge7 9. b4 Bxb4 10. cxb4 Nxb4 11. Re1 Rc8 12. Ba3 Rc7 13. Bxb4 Qxb4 14.
Qb3 Qa5 15. a3 d4 16. Qb4 Qxb4 17. axb4 Nc6 18. Rc1 Kd8 19. b5 Nb4 20. Rxc7
Kxc7 21. Bf1 Kb6 22. Nxd4 Rc8 23. Nd2 Nc2 24. Nxc2 Rxc2 25. Nf3 h6 26. h3 Rc5
27. Rb1 Bxb5 28. Nd4 a6 29. Nxb5 axb5 30. f4 Ka5 31. Kf2 Ka4 32. Bd3 b4 33. Ke2
b3 34. Ra1+ Kb4 35. Kd2 b2 36. Re1 Ka3 37. g4 Kb3 38. f5 b5 39. h4 b4 40. g5
hxg5 41. hxg5 Rd5 42. g6 Rd7 43. gxf7 Rxf7 44. fxe6 Re7 45. Bf5 g6 46. Bxg6 Ka2
47. Rf1 b1=Q 48. Bxb1+ Kb2 49. Bf5 b3 50. Rh1 Ka2 51. Rh7 Re8 52. Ra7+ Kb2 53.
e7 Rf8 54. Ra2+ bxa2 1-0

[Event "Detroit (Class A/3/9)"]
[Site "?"]
[Date "1996.??.??"]
[Round "?"]
[White "Garrison, Ray"]
[Black "Walker, Douglas"]
[Result "1-0"]
[WhiteElo "1995"]
[BlackElo "1885"]
[PlyCount "120"]
[EventDate "1996.??.??"]

{3/(9)} 1. e4 c5 2. Nc3 Nc6 3. g3 Nf6 4. Bg2 d6 5. d3 e6 6. f4 Be7 7. Nce2 O-O
8. Nf3 Qb6 9. h3 c4 10. c3 Bd7 11. Nfd4 Nxd4 12. Nxd4 cxd3 13. Qxd3 Rac8 14. a4
a5 15. Ne2 Bc6 16. Be3 Qxb2 17. O-O d5 18. e5 Qb3 19. Rfb1 Qc4 20. Qxc4 dxc4
21. exf6 Bxf6 22. Bxc6 bxc6 23. Rb7 Rfd8 24. Bd4 c5 25. Bxf6 gxf6 26. Rab1 Rd2
27. R1b2 Rcd8 28. Rb8 Rxb8 29. Rxd2 Rb1+ 30. Kf2 Ra1 31. Rd8+ Kg7 32. Rc8 Rxa4
33. Rxc5 Kf8 34. Ke3 Ke7 35. Rc7+ Kf8 36. Nd4 Ra1 37. Rxc4 a4 38. Nc2 Rc1 39.
Kd2 Rg1 40. Rxa4 Rxg3 41. c4 Rxh3 42. c5 Ke7 43. Rd4 Rh5 44. c6 Rc5 45. Nb4 Ke8
46. Rd3 f5 47. Ke3 f6 48. Rd6 Ke7 49. Rd7+ Ke8 50. Rxh7 Kd8 51. Rh8+ Ke7 52.
Rh7+ Kd8 53. Kd4 Rc1 54. Rf7 e5+ 55. fxe5 fxe5+ 56. Kxe5 Rc4 57. Kd6 Ke8 58.
Re7+ Kf8 59. c7 f4 60. Nc6 Rxc6+ 1-0

[Event "Detroit (Class A/5/2)"]
[Site "?"]
[Date "1996.??.??"]
[Round "?"]
[White "Garrison, Ray"]
[Black "Skidmore, Mike"]
[Result "0-1"]
[WhiteElo "1995"]
[BlackElo "1935"]
[PlyCount "132"]
[EventDate "1996.??.??"]

{5/(2)} 1. d4 d5 2. Nf3 Nf6 3. Bf4 Nbd7 4. e3 c6 5. c3 e6 6. Nbd2 Be7 7. h4 Nh5
8. Bh2 Nhf6 9. Bd3 Ng4 10. Bf4 h5 11. e4 dxe4 12. Nxe4 Ndf6 13. Ng3 Nd5 14. Bg5
Qc7 15. Bxe7 Qxe7 16. Qd2 Qd6 17. Ne4 Qe7 18. O-O-O Bd7 19. c4 Nb4 20. Bb1 f5
21. Nc5 O-O-O 22. Rhe1 Na6 23. Nxa6 bxa6 24. Bxf5 Qf6 25. Bd3 Rdf8 26. c5 Qf4
27. Bxa6+ Kc7 28. Qxf4+ Rxf4 29. Re2 Nf6 30. Rd3 Nd5 31. Rb3 Rb8 32. Rxb8 Kxb8
33. g3 Rxf3 34. Re5 g6 35. Re2 Kc7 36. Kd2 Kd8 37. Bd3 Rf6 38. f4 Bc8 39. Rf2
Nb4 40. Bb1 Ba6 41. Rf3 Bb5 42. Ra3 a6 43. Ra5 Kc7 44. Ke3 Kb7 45. Ke4 Nd5 46.
Ke5 Be2 47. Be4 Rf8 48. Bxg6 Bg4 49. Ra3 Ne7 50. Bd3 Ra8 51. Rb3+ Kc7 52. Rb6
a5 53. Rb3 Nd5 54. Be4 a4 55. Ra3 Rb8 56. Rxa4 Rxb2 57. Ra7+ Kb8 58. Rh7 Re2
59. Kd6 Rxe4 60. Kxc6 Rxd4 61. Rh8+ Ka7 62. a3 Bf3 63. Rh7+ Ka6 64. Kd6 Nf6+
65. Ke5 Nxh7 66. Kxd4 Kb7 0-1

[Event "Howell (US Am N/5/23)"]
[Site "?"]
[Date "1996.??.??"]
[Round "?"]
[White "Garrison, Ray"]
[Black "Morian, William"]
[Result "0-1"]
[WhiteElo "2000"]
[BlackElo "1605"]
[PlyCount "104"]
[EventDate "1996.??.??"]

{5/(23)} 1. a3 e5 2. e3 d5 3. d4 exd4 4. exd4 Nf6 5. Bd3 Bd6 6. Nf3 O-O 7. Nc3
Bg4 8. O-O Nbd7 9. Re1 c6 10. h3 Bh5 11. Bg5 Qc7 12. b4 h6 13. Bd2 Rae8 14.
Rxe8 Rxe8 15. g4 Bg6 16. Bxg6 fxg6 17. g5 hxg5 18. Nxg5 Bf4 19. h4 Nf8 20. Ne2
Bxd2 21. Qxd2 Ne4 22. Qf4 Qe7 23. Ng3 Nxg5 24. Qxg5 Qxg5 25. hxg5 Ne6 26. Re1
Kf7 27. f4 Nxd4 28. Rxe8 Kxe8 29. c3 Nb5 30. f5 gxf5 31. Nxf5 Kf7 32. a4 Nxc3
33. Nd6+ Kg6 34. a5 Kxg5 35. Nxb7 d4 36. Kf2 Kf4 37. Nc5 Ne4+ 38. Ke2 Nxc5 39.
Kd2 g5 40. Kc2 Ke3 41. Kb2 Ke2 42. b5 d3 43. b6 axb6 44. a6 Nxa6 45. Kc3 d2 46.
Kb2 d1=Q 47. Kc3 Qd5 48. Kb2 Qc4 49. Ka1 Nb4 50. Kb2 Kd2 51. Ka3 b5 52. Kb2
Qa2# 0-1

[Event "Lansing (MI Op/6/11)"]
[Site "?"]
[Date "1996.??.??"]
[Round "?"]
[White "Garrison, Ray"]
[Black "Mazuchowski, Tom"]
[Result "0-1"]
[WhiteElo "1925"]
[BlackElo "2140"]
[PlyCount "146"]
[EventDate "1996.??.??"]

{6/(11)} 1. d4 Nf6 2. Nf3 g6 3. Bf4 Bg7 4. Nbd2 O-O 5. e3 d6 6. h3 Nbd7 7. Bh2
b6 8. a4 Bb7 9. a5 c5 10. a6 Bc6 11. c3 Re8 12. Nc4 Rc8 13. Be2 Nb8 14. dxc5
bxc5 15. Na5 Be4 16. O-O Qb6 17. Ng5 Ba8 18. Nc4 Qd8 19. Na5 h6 20. Nf3 Qd7 21.
Bc4 Rf8 22. Qe2 Ne4 23. Rfd1 Qc7 24. Nb7 Nxa6 25. Rxa6 Qxb7 26. Rda1 Ng5 27.
Rxa7 Nxf3+ 28. gxf3 Qxf3 29. Qxf3 Bxf3 30. Rxe7 d5 31. Bb5 Ra8 32. Raa7 Rxa7
33. Rxa7 Rc8 34. Bd7 Rd8 35. Bd6 Bf8 36. Be5 c4 37. Kh2 Be4 38. Kg3 g5 39. Bg4
Bd6 40. Bxd6 Rxd6 41. Rb7 Kg7 42. Bd1 Kf6 43. f3 Bf5 44. Ba4 Be6 45. Bc2 Rd8
46. Rb5 Ra8 47. b4 Ra2 48. Bd1 Rd2 49. Ba4 Rd3 50. Rc5 Rxc3 51. b5 Ra3 52. Bc2
Ra5 53. Bd1 Ra1 54. Bc2 Ra2 55. Bd1 Rb2 56. Ba4 Rb4 57. Bc2 Ke5 58. h4 Bd7 59.
Be4 Rxb5 60. Rxb5 Bxb5 61. hxg5 hxg5 62. Bc2 f5 63. f4+ gxf4+ 64. exf4+ Kf6 65.
Kf2 d4 66. Ke1 Bc6 67. Kd2 Be4 68. Bd1 Ke7 69. Be2 c3+ 70. Ke1 d3 71. Bf1 Kd6
72. Be2 Kc5 73. Bd1 d2+ 0-1

[Event "Lansing (MI Op/3/20)"]
[Site "?"]
[Date "1996.??.??"]
[Round "?"]
[White "Garrison, Ray"]
[Black "Kende, M."]
[Result "0-1"]
[WhiteElo "1925"]
[BlackElo "2020"]
[PlyCount "106"]
[EventDate "1996.??.??"]

{3/(20)} 1. d4 f5 2. Bg5 Nf6 3. Nc3 e6 4. e4 fxe4 5. Nxe4 Be7 6. Bd3 Nxe4 7.
Bxe7 Qxe7 8. Bxe4 Qf6 9. Qd3 g6 10. O-O-O d6 11. h4 d5 12. Bf3 Nc6 13. Re1 Ne7
14. h5 Bd7 15. hxg6 Nxg6 16. Bxd5 Nf4 17. Qe4 Nxd5 18. Qxd5 O-O-O 19. Qe4 Qxf2
20. Nh3 Qf6 21. Rhf1 Qh6+ 22. Kb1 Bc6 23. Qf4 Qg7 24. c3 Qg6+ 25. Kc1 h6 26.
Qe3 Qxg2 27. Nf4 Qg5 28. Rg1 Qa5 29. Qxe6+ Bd7 30. Qd5 Qxd5 31. Nxd5 Rhe8 32.
Rxe8 Rxe8 33. Nf6 Rf8 34. Nxd7 Kxd7 35. Rg7+ Kd8 36. Rg6 Rh8 37. Kd2 Rh7 38.
Ke3 Ke7 39. Kf4 Kf7 40. Rg2 Kf6 41. d5 h5 42. c4 b6 43. b4 h4 44. Rh2 h3 45.
Kg4 Ke5 46. Kg3 Kd4 47. Rd2+ Kc3 48. Rd1 h2 49. Rc1+ Kxb4 50. c5 h1=Q 51. Rxh1
Rxh1 52. cxb6 axb6 53. Kf4 Rc1 0-1

[Event "Kalamazoo (MI Am/2/14)"]
[Site "?"]
[Date "1996.??.??"]
[Round "?"]
[White "Garrison, Ray"]
[Black "Juntunen, Michael"]
[Result "1-0"]
[WhiteElo "1940"]
[BlackElo "1605"]
[PlyCount "45"]
[EventDate "1996.??.??"]

{2/(14)} 1. d4 e6 2. Nf3 d5 3. Bf4 Nc6 4. e3 Bd6 5. Ne5 Nxe5 6. Bxe5 Bxe5 7.
dxe5 Qg5 8. f4 Qe7 9. Bd3 Qb4+ 10. Nd2 Qxb2 11. O-O g6 12. Qg4 Ne7 13. Nf3 Nf5
14. Kf2 Qb6 15. Rfe1 a6 16. Qg5 h6 17. Qf6 Rg8 18. g4 Ng7 19. h4 c5 20. h5 gxh5
21. Bh7 Kf8 22. Bxg8 Kxg8 23. gxh5 1-0

[Event "Kalamazoo (MI Am/4/3)"]
[Site "?"]
[Date "1996.??.??"]
[Round "?"]
[White "Garrison, Ray"]
[Black "Jendras, Gerard"]
[Result "1-0"]
[WhiteElo "1940"]
[BlackElo "1880"]
[PlyCount "151"]
[EventDate "1996.??.??"]

{4/(3)} 1. d4 Nf6 2. Nf3 c5 3. c3 cxd4 4. cxd4 d5 5. Bf4 Nc6 6. h3 Qb6 7. Nc3
Bf5 8. e3 Qxb2 9. Nb5 e6 10. Be2 Bb4+ 11. Kf1 O-O 12. Ne1 Ne4 13. Nd3 Qd2 14.
Qb3 Nc3 15. Nxc3 Bxd3 16. Rd1 Qxc3 17. Bxd3 Qxb3 18. axb3 Rfc8 19. Ke2 Na5 20.
Rb1 Rc3 21. Rhc1 Rac8 22. e4 Rxc1 23. Bxc1 dxe4 24. Bxe4 Rc3 25. Bd2 f5 26. Bd3
Nc6 27. Bxc3 Bxc3 28. Bc4 Kf8 29. Bxe6 Nxd4+ 30. Kd3 Nxe6 31. Kxc3 Nf4 32. Kd4
g6 33. Ke5 Nd3+ 34. Kf6 Nxf2 35. Rc1 Ne4+ 36. Ke5 b6 37. Rc7 Nc5 38. Rxa7 Nxb3
39. Rxh7 Kg8 40. Rb7 Nc5 41. Rb8+ Kg7 42. Kd6 Ne4+ 43. Kc6 Nc5 44. Rxb6 Ne4 45.
Kd5 Nc3+ 46. Ke5 Ne4 47. Rc6 Ng5 48. Kf4 Kh6 49. Rf6 Nh7 50. Rf7 Ng5 51. Re7
Kh5 52. g4+ Kh4 53. gxf5 Nxh3+ 54. Kf3 Ng5+ 55. Kf4 Nh3+ 56. Ke5 gxf5 57. Kxf5
Kg3 58. Re3+ Kg2 59. Ra3 Nf2 60. Kf4 Nh3+ 61. Ke3 Kg3 62. Ra5 Kg4 63. Ra4+ Kf5
64. Ra5+ Kg4 65. Ra8 Ng5 66. Rg8 Kf5 67. Rf8+ Ke5 68. Rf4 Ne6 69. Rg4 Kd5 70.
Re4 Nc5 71. Rd4+ Ke5 72. Rd8 Ne6 73. Re8 Kd5 74. Re7 Ke5 75. Kd3 Kd6 76. Kc4
1-0

[Event "Howell (US Am N/3/8)"]
[Site "?"]
[Date "1996.??.??"]
[Round "?"]
[White "Garrison, Ray"]
[Black "Guhl, U."]
[Result "0-1"]
[WhiteElo "2000"]
[BlackElo "1855"]
[PlyCount "132"]
[EventDate "1996.??.??"]

{3/(8)} 1. d4 c5 2. c3 Nf6 3. Bf4 g6 4. e3 Bg7 5. Nf3 O-O 6. Nbd2 d6 7. Be2
cxd4 8. cxd4 Nc6 9. h3 Nd5 10. Bh2 e5 11. dxe5 dxe5 12. O-O e4 13. Nxe4 Bxb2
14. Qb3 Bg7 15. Rad1 Be6 16. Qxb7 Na5 17. Qb5 a6 18. Qa4 Ra7 19. Nc5 Qb6 20.
Nxe6 Nc3 21. Qc2 Qxe6 22. Rd6 Qc8 23. Bd3 Qc5 24. Nd4 Qa3 25. Rb6 Rd8 26. Rc1
Nd5 27. Rxa6 Nb4 28. Qc5 Rxa6 29. Bxa6 Bf8 30. Qc7 Nxa6 31. Nb5 Qb2 32. Qc3
Qxb5 33. Qf6 Re8 34. a4 Qb7 35. Be5 Rxe5 36. Qxe5 Nb3 37. Rb1 Nac5 38. a5 Qb4
39. Qd5 Qa4 40. a6 Qa2 41. a7 Qxa7 42. Rxb3 Qa1+ 43. Kh2 Nxb3 44. Qxb3 Bd6+ 45.
g3 Qf6 46. Kg2 Qe6 47. Qc3 Qe4+ 48. Kh2 Qf3 49. Qc2 h5 50. h4 Bb4 51. Kg1 Be7
52. Qc8+ Kg7 53. Qc3+ Bf6 54. Qc4 Be5 55. Qb4 Kf6 56. Qc5 Ke6 57. Qc8+ Ke7 58.
Qc5+ Bd6 59. Qa7+ Ke6 60. Qa6 Qd1+ 61. Kh2 Qc2 62. Kg2 Ke5 63. Qb5+ Ke6 64. Qa6
Qe4+ 65. Kh2 Qxh4+ 66. Kg1 Qe4 {[Remainder illegible; 0-1, 76?]} 0-1

[Event "Lansing (MI Op/1b/5)"]
[Site "?"]
[Date "1996.??.??"]
[Round "?"]
[White "Garrison, Ray"]
[Black "Fischvogt, Eric"]
[Result "0-1"]
[WhiteElo "1925"]
[BlackElo "2215"]
[PlyCount "40"]
[EventDate "1996.??.??"]

1. d4 Nf6 2. Nf3 g6 3. Bf4 Bg7 4. Nbd2 c5 5. c3 b6 6. h3 Ba6 7. Ne5 O-O 8. Ndf3
d6 9. Nd3 Nc6 10. Qa4 Bxd3 11. exd3 Qd7 12. dxc5 bxc5 13. Rd1 Rab8 14. Qc2 Nd5
15. Bg5 Rxb2 16. Qc1 Qe6+ 17. Be3 Bxc3+ 18. Nd2 Nxe3 19. fxe3 Qxe3+ 20. Be2 Nd4
0-1

[Event "Kalamazoo (MI Am/5/2)"]
[Site "?"]
[Date "1996.??.??"]
[Round "?"]
[White "Garrison, Ray"]
[Black "Evans Sr., Thomas"]
[Result "0-1"]
[WhiteElo "1940"]
[BlackElo "1860"]
[PlyCount "65"]
[EventDate "1996.??.??"]

{5/(2)} 1. d4 e6 2. Nf3 Nf6 3. Bf4 c5 4. c3 cxd4 5. cxd4 Bb4+ 6. Nbd2 O-O 7. e3
Qa5 8. a3 Bxd2+ 9. Qxd2 Qb6 10. Rc1 d6 11. Qc2 Nbd7 12. Bd3 g6 13. h4 Re8 14.
h5 Kf8 15. hxg6 hxg6 16. Bg5 e5 17. Bxg6 e4 18. Rh8+ Kg7 19. Rxe8 Nxe8 20. Qxe4
Ndf6 21. Qe7 Kxg6 22. Bxf6 Nxf6 23. Rc7 Be6 24. Nh4+ Kg7 25. Rxb7 Qa5+ 26. b4
Qd5 27. Rxa7 Rxa7 28. Qxa7 Ne4 29. f3 Nc3 30. Qe7 Qb3 31. Kf2 Qc2+ 32. Kf1 Qc1+
33. Kf2 0-1

[Event "Detroit (Class A/1/2)"]
[Site "?"]
[Date "1996.??.??"]
[Round "?"]
[White "Garrison, Ray"]
[Black "Bauerle, Paul"]
[Result "1-0"]
[WhiteElo "1995"]
[BlackElo "1900"]
[PlyCount "43"]
[EventDate "1996.??.??"]

{1/(2)} 1. d4 Nf6 2. Nf3 g6 3. Bf4 Bg7 4. Nbd2 d5 5. e3 O-O 6. c3 Bg4 7. h3
Bxf3 8. Nxf3 Nbd7 9. Qb3 Nb6 10. a4 a5 11. Ne5 Ne4 12. Bb5 f6 13. Nd7 Rf7 14.
Nxb6 cxb6 15. Bd3 e5 16. dxe5 fxe5 17. Bxe4 dxe4 18. Bg3 Qf6 19. Rd1 Raf8 20.
O-O h5 21. Rd7 Qc6 22. Rfd1 1-0

[Event "Lansing (MOR/3/33)"]
[Site "?"]
[Date "1996.??.??"]
[Round "?"]
[White "Garfield-Turner, A."]
[Black "Royster, H."]
[Result "0-1"]
[WhiteElo "1605"]
[BlackElo "1605"]
[PlyCount "68"]
[EventDate "1996.??.??"]

{3/(33)} 1. d4 d5 2. c4 c6 3. e3 Nf6 4. Nc3 Bf5 5. Nf3 Bg4 6. Bd3 e6 7. O-O Bb4
8. Bd2 Bxc3 9. Bxc3 O-O 10. h3 Bxf3 11. Qxf3 Nbd7 12. Qe2 Ne4 13. Bxe4 dxe4 14.
Rad1 Nf6 15. Rfe1 a6 16. Qd2 b5 17. c5 Nd5 18. Ba5 Qg5 19. Qc2 f5 20. Bd2 Rf6
21. Kh1 Raf8 22. Rg1 Rh6 23. Rdf1 Nf6 24. Ba5 Nh5 25. Bc7 Qg6 26. Be5 f4 27.
Bxf4 Nxf4 28. exf4 Rxf4 29. Re1 Qf5 30. Kh2 Rxf2 31. Qc3 Rg6 32. Rb1 Qf4+ 33.
Kh1 Rg3 34. Qa5 Rxh3+ 0-1

[Event "Lansing (MOR/1b/19)"]
[Site "?"]
[Date "1996.??.??"]
[Round "?"]
[White "Garfield-Turner, A."]
[Black "Raupp, Helene"]
[Result "0-1"]
[WhiteElo "1605"]
[BlackElo "1605"]
[PlyCount "94"]
[EventDate "1996.??.??"]

1. d4 e6 2. c4 f5 3. Nc3 Nf6 4. e3 Bb4 5. Bd2 O-O 6. Nf3 b6 7. Bd3 Bb7 8. O-O
Bxc3 9. Bxc3 d6 10. Qc2 Ne4 11. Bxe4 fxe4 12. Nd2 d5 13. Rfe1 Qf6 14. Rf1 Nd7
15. Qa4 Rf7 16. f3 Qg5 17. Rae1 Nf6 18. fxe4 dxc4 19. Qxc4 Nxe4 20. Nxe4 Bxe4
21. Qe2 Raf8 22. Rxf7 Rxf7 23. Rf1 Rxf1+ 24. Kxf1 Qf5+ 25. Qf2 Bd3+ 26. Ke1 Bc4
27. Qxf5 exf5 28. a3 Kf7 29. Kf2 g5 30. g3 Ke6 31. Kf3 Bd5+ 32. Ke2 Be4 33. Kf2
Kd5 34. h3 h5 35. h4 g4 36. Ke2 Kc4 37. Kd2 Kb3 38. Kc1 a5 39. Be1 Kc4 40. Kd2
b5 41. Bf2 b4 42. axb4 Kxb4 43. Kc1 Kb3 44. Be1 a4 45. Bc3 a3 46. bxa3 Kxc3 47.
Kd1 Kd3 0-1

[Event "Howell (US Am N/3/54)"]
[Site "?"]
[Date "1996.??.??"]
[Round "?"]
[White "Garfield-Turner, A."]
[Black "Pecot, Dave"]
[Result "0-1"]
[WhiteElo "1605"]
[BlackElo "1605"]
[PlyCount "54"]
[EventDate "1996.??.??"]

{3/(54)} 1. e4 e5 2. Nf3 f5 3. Nc3 fxe4 4. Nxe4 d5 5. Ng3 Nc6 6. Bb5 Bg4 7. d3
Bc5 8. O-O Nge7 9. Qe2 O-O 10. Bg5 Nd4 11. Qxe5 Bxf3 12. Bxe7 Qxe7 13. Qxe7
Bxe7 14. a4 Nxb5 15. axb5 Bg4 16. f3 Bd7 17. c4 Bd6 18. Ne2 dxc4 19. dxc4 Bc5+
20. Kh1 c6 21. bxc6 Bxc6 22. Rab1 a5 23. h3 Rad8 24. Kh2 Rfe8 25. Nc1 Rd4 26.
Nb3 Rxc4 27. Nxa5 Rc2 0-1

[Event "Lansing (MOR/1a/18)"]
[Site "?"]
[Date "1996.??.??"]
[Round "?"]
[White "Garfield-Turner, A."]
[Black "Morian, William"]
[Result "0-1"]
[WhiteElo "1605"]
[BlackElo "1605"]
[PlyCount "92"]
[EventDate "1996.??.??"]

1. d4 Nf6 2. c4 e6 3. Nc3 Bb4 4. Bd2 d5 5. e3 O-O 6. Nf3 c5 7. Bd3 Nc6 8. dxc5
dxc4 9. Bxc4 Bxc5 10. O-O b6 11. Qe2 Bb7 12. Rad1 Qe7 13. Rfe1 Na5 14. Nd4 Nxc4
15. Qxc4 Rfd8 16. Nb3 Rac8 17. Nxc5 Qxc5 18. Qxc5 Rxc5 19. e4 Rc4 20. Bg5 Rcd4
21. e5 Rxd1 22. Nxd1 h6 23. Bxf6 gxf6 24. exf6 Rd2 25. a3 Kh7 26. b3 Kg6 27.
Nc3 Kxf6 28. Re2 Rxe2 29. Nxe2 Ke5 30. Kf1 Ba6 31. Ke1 Ke4 32. Kd2 f5 33. f3+
Ke5 34. Ke3 Bxe2 35. Kxe2 Kd4 36. Kd2 e5 37. Kc2 Ke3 38. Kc3 e4 39. fxe4 fxe4
40. b4 Kf2 41. Kd4 e3 42. Ke5 e2 43. Kf6 e1=Q 44. Kg6 Qe5 45. Kxh6 Qf5 46. g3
Qf3 0-1

[Event "Howell (US Am N/2/54)"]
[Site "?"]
[Date "1996.??.??"]
[Round "?"]
[White "Garfield-Turner, A."]
[Black "Dumas, Steve"]
[Result "0-1"]
[WhiteElo "1605"]
[BlackElo "1605"]
[PlyCount "124"]
[EventDate "1996.??.??"]

{2/(54)} 1. e4 Nf6 2. e5 Nd5 3. Bc4 e6 4. Nf3 Nb6 5. Bb3 c5 6. d3 d5 7. c4 Be7
8. O-O dxc4 9. dxc4 h6 10. Qxd8+ Bxd8 11. Be3 N8d7 12. Nc3 a6 13. Rfd1 f6 14.
exf6 Bxf6 15. Rd3 e5 16. Rd2 O-O 17. a4 a5 18. Ne4 Be7 19. Nd6 Nf6 20. Nxe5
Bxd6 21. Rxd6 Nbd7 22. Nxd7 Bxd7 23. Bxc5 Ne4 24. Rd5 Nxc5 25. Rxc5 Rf6 26. Rd5
Bc6 27. Rd4 Rg6 28. c5+ Kh8 29. Rad1 Rxg2+ 30. Kf1 Rf8 31. Rd8 Rgxf2+ 32. Ke1
Rf1+ 33. Ke2 R1f2+ 34. Ke3 R2f3+ 35. Ke2 Rf2+ 36. Ke1 R2f5 37. Rxf8+ Rxf8 38.
Kd2 Rd8+ 39. Kc1 Rxd1+ 40. Kxd1 g5 41. Ke2 Kg7 42. Kf2 Kf6 43. Kg3 h5 44. Bc2
Ke5 45. h4 g4 46. Bd1 Kd4 47. Bxg4 hxg4 48. Kxg4 Bxa4 49. h5 Bd1+ 50. Kg5 Bxh5
51. Kxh5 Kxc5 52. Kg4 Kb4 53. Kf3 Kb3 54. Ke2 b5 55. Kd3 a4 56. Kd4 Kxb2 57.
Kc5 a3 58. Kxb5 a2 59. Kc5 a1=Q 60. Kc4 Kc2 61. Kd5 Kd3 62. Kc5 Qd4+ 0-1

[Event "Lansing (MOR/6/24)"]
[Site "?"]
[Date "1996.??.??"]
[Round "?"]
[White "Garfield-Turner, A."]
[Black "Boyle, John"]
[Result "1-0"]
[WhiteElo "1605"]
[BlackElo "1605"]
[PlyCount "59"]
[EventDate "1996.??.??"]

{6/(24)} 1. d4 Nf6 2. c4 g6 3. Nc3 Bg7 4. Nf3 O-O 5. e3 d6 6. Bd3 c5 7. O-O Nc6
8. d5 Nb4 9. a3 Nxd3 10. Qxd3 Bg4 11. Qe2 a6 12. h3 Bd7 13. e4 Rb8 14. a4 Ne8
15. Bd2 Nc7 16. Rfb1 b5 17. axb5 axb5 18. cxb5 Nxb5 19. Nxb5 Bxb5 20. Qe3 Bc4
21. Bc3 Rb7 22. Bxg7 Kxg7 23. Qc3+ f6 24. Qxc4 Rb4 25. Qc2 Qb6 26. Ra4 Rb8 27.
Rxb4 Qxb4 28. b3 c4 29. Nd4 cxb3 30. Qxb3 {[Remainder illegible; 1-0, 40?]} 1-0

[Event "Ann Arbor (Fall Open/1/10)"]
[Site "?"]
[Date "1996.??.??"]
[Round "?"]
[White "Gardner, James"]
[Black "Gabbard, Keith"]
[Result "0-1"]
[WhiteElo "1605"]
[BlackElo "1605"]
[PlyCount "77"]
[EventDate "1996.??.??"]

{1/(10)} 1. d4 d5 2. g3 Nf6 3. Nf3 e6 4. Bg2 Bd6 5. Bg5 h6 6. Bh4 g5 7. Nxg5
hxg5 8. Bxg5 Nbd7 9. Nd2 Rg8 10. Bh4 Qe7 11. Nf3 Qf8 12. O-O Be7 13. Re1 Nb6
14. Qd2 Ne4 15. Qf4 Bd6 16. Ne5 f6 17. Bxe4 dxe4 18. Bxf6 Nd5 19. Qxe4 Nxf6 20.
Qg2 Ng4 21. Nxg4 Rxg4 22. e4 e5 23. dxe5 Bxe5 24. Rad1 Bd7 25. Rd5 Bxb2 26.
Red1 O-O-O 27. Qh3 Rg7 28. Qf1 Re8 29. Qd3 Bc6 30. Rf5 Qe7 31. e5 Bxe5 32. Re1
Qd6 33. Qxd6 Bxd6 34. Rxe8+ Bxe8 35. h4 Be7 36. Kh2 Bg6 37. Re5 Bxc2 38. h5 Rh7
39. g4 {[Remainder illegible; 0-1, 48?} 0-1

[Event "Flint (MI Jr Spon/1)"]
[Site "?"]
[Date "1996.??.??"]
[Round "?"]
[White "Gaiefsky, Mike"]
[Black "Worley, Ron"]
[Result "1-0"]
[WhiteElo "1875"]
[BlackElo "1605"]
[PlyCount "53"]
[EventDate "1996.??.??"]

1. d4 Nf6 2. c4 g6 3. Nc3 Bg7 4. e4 d6 5. Bd3 O-O 6. Nge2 Nbd7 7. f3 c5 8. d5
Re8 9. O-O Ne5 10. b3 a5 11. Bb2 Bd7 12. a4 Qb6 13. Bc2 Nxc4 14. bxc4 Qxb2 15.
Rb1 Qa3 16. Rb3 Qxb3 17. Bxb3 Reb8 18. Qd3 Ne8 19. f4 f5 20. Kh1 Nf6 21. e5
dxe5 22. fxe5 Ne4 23. e6 Nxc3 24. Nxc3 Bc8 25. Nb5 b6 26. Qg3 Rb7 27. h4 1-0

[Event "Ann Arbor (Fall Open/1/7)"]
[Site "?"]
[Date "1996.??.??"]
[Round "?"]
[White "Gaiefsky, Mike"]
[Black "Nikitin, Mike"]
[Result "1-0"]
[WhiteElo "1880"]
[BlackElo "1605"]
[PlyCount "111"]
[EventDate "1996.??.??"]

{1/(7)} 1. d4 Nf6 2. c4 g6 3. Nc3 d5 4. Nf3 Bg7 5. e3 O-O 6. Be2 b6 7. O-O Bb7
8. c5 c6 9. b4 Nbd7 10. a4 Qc7 11. Qc2 e6 12. Ba3 Rfc8 13. Rfc1 Kh8 14. Ng5 Kg8
15. f4 Re8 16. Rab1 a6 17. cxb6 Qxb6 18. a5 Qd8 19. Na4 Bf8 20. Nc5 Nxc5 21.
bxc5 Qc7 22. Bb4 Bg7 23. Be1 Nd7 24. Rb3 h6 25. Nf3 Reb8 26. Rcb1 Bc8 27. Ne5
Bxe5 28. fxe5 Rxb3 29. Rxb3 Rb8 30. Ra3 Qb7 31. Bc3 Qb1+ 32. Bd1 Qxc2 33. Bxc2
Kg7 34. Ra1 Nf8 35. Ba4 Bd7 36. Kf2 Nh7 37. h4 h5 38. Ke2 f5 39. exf6+ Nxf6 40.
Bc2 Bc8 41. Kf3 Ng4 42. Rb1 Rxb1 43. Bxb1 Kf7 44. Bd3 Kg7 45. Be1 Kh7 46. Kf4
Kh6 47. Be2 Nf6 48. Ke5 Ne8 49. Bg3 Kg7 50. Bf4 Kf7 51. Bg5 Bb7 52. g4 hxg4 53.
Bxg4 Bc8 54. h5 Bd7 55. h6 Nc7 56. Kd6 1-0

[Event "Flint (MI Jr Spon/4)"]
[Site "?"]
[Date "1996.??.??"]
[Round "?"]
[White "Gaiefsky, Mike"]
[Black "Moody, David"]
[Result "0-1"]
[WhiteElo "1875"]
[BlackElo "2005"]
[PlyCount "52"]
[EventDate "1996.??.??"]

1. d4 Nf6 2. c4 c5 3. d5 e6 4. Nc3 exd5 5. cxd5 d6 6. e4 g6 7. Bc4 Bg7 8. Nge2
O-O 9. O-O Re8 10. f3 a6 11. a4 Nbd7 12. Bg5 h6 13. Bh4 g5 14. Bf2 Ne5 15. Ba2
Rb8 16. f4 gxf4 17. Nxf4 Nfg4 18. h3 Nxf2 19. Rxf2 b5 20. axb5 axb5 21. Kh1 Qh4
22. Qf1 b4 23. Nce2 Ra8 24. g3 Qe7 25. Bb3 Rxa1 26. Qxa1 Nd3 0-1

[Event "Ann Arbor (Mini-Swiss/1)"]
[Site "?"]
[Date "1996.??.??"]
[Round "?"]
[White "Gaiefsky, Mike"]
[Black "Koster, Ed"]
[Result "0-1"]
[WhiteElo "1845"]
[BlackElo "2105"]
[PlyCount "99"]
[EventDate "1996.??.??"]

1. g3 d5 2. Bg2 Nf6 3. Nf3 g6 4. O-O Bg7 5. d3 O-O 6. Nbd2 Nc6 7. c4 e5 8. cxd5
Nxd5 9. Rb1 h6 10. a3 Be6 11. Nb3 a5 12. Nc5 Bc8 13. Bd2 b6 14. Ne4 Bb7 15. Qc1
Kh7 16. Nc3 Nde7 17. Nb5 Rc8 18. Qc4 Nd4 19. Nbxd4 exd4 20. Ng5+ hxg5 21. Bxb7
Rb8 22. Bg2 Bf6 23. Rbc1 c5 24. f4 g4 25. f5 Nxf5 26. Bf4 Bg5 27. Bxb8 Bxc1 28.
Bf4 Bxf4 29. Rxf4 Qe7 30. Be4 Ne3 31. Qb3 f5 32. Bc6 Rb8 33. a4 Qf6 34. Bb5 Kg7
35. Rf2 Rb7 36. Ba6 Re7 37. Bb5 Re5 38. Qa2 Qe7 39. Qb1 Nd5 40. Qd1 Re3 41. Kf1
Rxg3 42. hxg3 Ne3+ 43. Ke1 Nxd1 44. Kxd1 Qe3 45. Rg2 g5 46. b3 Kf6 47. Bc4 Qe7
48. Rh2 Kg7 49. Rh5 Qe3 50. Rxg5+ 0-1

[Event "Detroit (Class A/2/4)"]
[Site "?"]
[Date "1996.??.??"]
[Round "?"]
[White "Gaiefsky, Mike"]
[Black "Evans Sr., Thomas"]
[Result "1/2-1/2"]
[WhiteElo "1840"]
[BlackElo "1940"]
[PlyCount "109"]
[EventDate "1996.??.??"]

{2/(4)} 1. d4 e6 2. Nf3 Nf6 3. Bg5 Be7 4. e3 b6 5. Bd3 Bb7 6. Nbd2 d6 7. Bxf6
Bxf6 8. c3 O-O 9. Qc2 g6 10. h4 Nc6 11. h5 Ne7 12. hxg6 fxg6 13. Ne4 Bxe4 14.
Bxe4 d5 15. Bd3 c5 16. dxc5 bxc5 17. Rd1 Qa5 18. a4 Rab8 19. O-O c4 20. Be2 Rb3
21. Nd4 Bxd4 22. Rxd4 Qxa4 23. Bd1 Qb5 24. Qe2 Rxb2 25. Qg4 Nf5 26. Bf3 Nxd4
27. exd4 Qd7 28. Re1 Rf6 29. Re5 Qf7 30. Qh3 Rf5 31. Re3 Rb1+ 32. Kh2 Qc7+ 33.
g3 Rb2 34. Kg2 Qf7 35. g4 Rf4 36. Qh4 Qf6 37. Qxf6 Rxf6 38. g5 Rxf3 39. Kxf3
Kf7 40. Re1 Rc2 41. Ra1 Rxc3+ 42. Kf4 Rd3 43. Rxa7+ Ke8 44. Ke5 Kf8 45. Kxe6
Rf3 46. Kxd5 c3 47. Rxh7 Rxf2 48. Rc7 Rf5+ 49. Ke4 Rxg5 50. Rxc3 Ke7 51. Re3
Kd6 52. Kf4 Rf5+ 53. Kg4 Kd5 54. Re5+ Rxe5 55. dxe5 1/2-1/2

[Event "Ann Arbor (Fall Open/3/5)"]
[Site "?"]
[Date "1996.??.??"]
[Round "?"]
[White "Gaiefsky, Mike"]
[Black "Davey, Scott"]
[Result "1-0"]
[WhiteElo "1880"]
[BlackElo "1675"]
[PlyCount "65"]
[EventDate "1996.??.??"]

{3/(5)} 1. d4 Nf6 2. c4 e5 3. dxe5 Ng4 4. Nf3 Bc5 5. e3 Nc6 6. Be2 Ngxe5 7.
Nbd2 d5 8. O-O O-O 9. Nb3 Bd6 10. Nxe5 Nxe5 11. cxd5 Qh4 12. f4 g5 13. g3 Qh3
14. fxe5 Bxe5 15. Qe1 Bf5 16. Qf2 Be4 17. Bf3 Bd3 18. Rd1 Bb5 19. Nd4 Ba4 20.
b3 Bd7 21. Bg2 Qh5 22. Ba3 Rfe8 23. Rac1 Rad8 24. Rf1 Bxd4 25. exd4 Re2 26. Bf3
Rxf2 27. Bxh5 Rxf1+ 28. Rxf1 Be8 29. Re1 Bb5 30. Re7 Rd7 31. Bxf7+ Kg7 32. Rxd7
Bxd7 33. Be6 1-0